00584nam a2200145 4500008004100000022001300041245008100054260011900135300001300254650002600267650002700293942000700320952009600327999001500423240219b |||||||| |||| 00| 0 eng d a07426763 aThe American journal of Islamic social sciences-Vol. 18, no. 2 (Spring 2001) aHerndon, (USA) : bThe Association of Muslim social scientists : International institute of Islamic thought,c2001 b1-185 p. aIslam -- Periodicals  aMuslims -- Periodicals cCR 00102ddc4070aMAINbMAINd2024-02-25l0o305.42 AMEpRAF5036r2024-02-25w2024-02-25yCR c4757d4757